Myrmecological investigations in the environs of Kisköre
Elmentve itt :
| Szerző: | |
|---|---|
| Dokumentumtípus: | Cikk |
| Megjelent: |
1969
|
| Sorozat: | Tiscia
|
| Kulcsszavak: | Természettudomány |
| Online Access: | http://acta.bibl.u-szeged.hu/9682 |
| LEADER | 00588nab a2200181 i 4500 | ||
|---|---|---|---|
| 001 | acta9682 | ||
| 005 | 20210323135407.0 | ||
| 008 | 161015s1969 hu o 0|| eng d | ||
| 022 | |a 0563-587X | ||
| 040 | |a SZTE Egyetemi Kiadványok Repozitórium |b hun | ||
| 041 | |a eng | ||
| 100 | 1 | |a Gallé László | |
| 245 | 1 | 0 | |a Myrmecological investigations in the environs of Kisköre |h [elektronikus dokumentum] / |c Gallé László |
| 260 | |c 1969 | ||
| 300 | |a 87-95 | ||
| 490 | 0 | |a Tiscia | |
| 695 | |a Természettudomány | ||
| 856 | 4 | 0 | |u http://acta.bibl.u-szeged.hu/9682/1/tiscia_005_087-095.pdf |z Dokumentum-elérés |